000 00494nam a2200193Ia 4500
005 20240823012414.0
008 240823s9999||||xx |||||||||||||| ||und||
020 _a81-87522-46-1
041 _aENGLISH
082 _A620.106 P0
100 _aRattan S S
245 0 _aFluid Mechanics and Hydraulic Machines
250 _a1st
260 _c2000
_b"Khanna Publishders,"
_aNew Delhi
500 _aYES
650 _aFluid Mechanics
_bAeronautical Engineering
942 _cBK
999 _c164311
_d164311